| 000 | 00435nam a2200133Ia 4500 | ||
|---|---|---|---|
| 008 | 200910s9999 xx 000 0 und d | ||
| 020 | _a978-069-11-3514-4 | ||
| 100 | _aLo, Andrew W., | ||
| 245 |
_cAndrew W. Lo _aAdaptive markets: _bfinancial evolution at the speed of thought/ |
||
| 260 |
_aQuezon City: _bC and E Publishing, Inc. _c2017 |
||
| 300 |
_ax, 489 pages _c23 cm. |
||
| 650 | _ainvestment analysis | ||
| 650 | _aStock exchanges | ||
| 999 |
_c364171 _d364171 |
||